Astrophysical techniques (Record no. 15653)

MARC details
000 -LEADER
fixed length control field 00671nam a2200217Ia 4500
003 - CONTROL NUMBER IDENTIFIER
control field IN-BaIIA
008 - FIXED-LENGTH DATA ELEMENTS--GENERAL INFORMATION
fixed length control field 211028s9999 xx 000 0 eng d
020 ## - INTERNATIONAL STANDARD BOOK NUMBER
International Standard Book Number 978-07503-0946-2
040 ## - CATALOGING SOURCE
Transcribing agency IIA Library
080 ## - UNIVERSAL DECIMAL CLASSIFICATION NUMBER
Universal Decimal Classification number 524.3-17
Item number KIT
100 ## - MAIN ENTRY--PERSONAL NAME
Personal name Kitchin, C. R
9 (RLIN) 13740
245 #0 - TITLE STATEMENT
Title Astrophysical techniques
Statement of responsibility, etc. C. R. Kitchin
250 ## - EDITION STATEMENT
Edition statement 4th ed.
260 ## - PUBLICATION, DISTRIBUTION, ETC.
Place of publication, distribution, etc. Bristol
Name of publisher, distributor, etc. Institute of Physics
Date of publication, distribution, etc. 2003
300 ## - PHYSICAL DESCRIPTION
Extent xvi, 493p.
650 ## - SUBJECT ADDED ENTRY--TOPICAL TERM
Topical term or geographic name entry element Astronomical instruments
9 (RLIN) 4304
650 ## - SUBJECT ADDED ENTRY--TOPICAL TERM
Topical term or geographic name entry element Astronomy. Technique
9 (RLIN) 28857
650 ## - SUBJECT ADDED ENTRY--TOPICAL TERM
Topical term or geographic name entry element Astrophysics. Technique
9 (RLIN) 28858
650 ## - SUBJECT ADDED ENTRY--TOPICAL TERM
Topical term or geographic name entry element Imaging systems in astronomy
9 (RLIN) 18422
942 ## - ADDED ENTRY ELEMENTS (KOHA)
Koha item type Books
Holdings
Withdrawn status Lost status Damaged status Not for loan Home library Current library Shelving location Date acquired Source of acquisition Cost, normal purchase price Total Checkouts Full call number Barcode Date last seen Cost, replacement price Price effective from Koha item type Purchase Price
        IIA Library-Bangalore IIA Library-Bangalore General Stacks 22/04/2004 EDS 2833.25   524.3-17/ KIT 16575 05/11/2021 2833.25 22/04/2004 Books Rs. 2833.25

Powered by Koha